000 00454ntaaa2200181 4500
003 01
005 20251027202522.0
008 0714s1973 ag 01
040 _aAR-BaBN
_bspa
_cAR-BaBN
_eaacr
_dRIC
082 _a232.9540 P41
100 _aPereyra Viaño, Manuel
_924153
245 _aLas Enseñanzas de Jesus
250 _a1 ed.
260 _aBuenos Aires :
_bSeminario Evangélico Bautista,
_c1946
300 _as.p.
500 _aTesis
942 _cBK
999 _c20214
_d20214